Rozvoj bankového sektora, bytová výstavba a financovanie bývania v Slovenskej republike
Základné otázky financovania a rozvoja bytovej výstavby na Slovensku. Bankový systém a hypotekárne úvery. Situácia na trhu bývania - bytová výstavba v rokoch 2004-2006. Faktory ovplyvňujúce ceny bytov.
Gespeichert in:
| 1. Verfasser: | |
|---|---|
| Format: | Buchkapitel |
| Sprache: | Slowakisch |
| Schlagworte: | |
| Tags: |
Keine Tags, Fügen Sie das erste Tag hinzu!
|
MARC
| LEADER | 00000naa$a2200000$$$4500 | ||
|---|---|---|---|
| 001 | 0070756 | ||
| 005 | 20240611084709.7 | ||
| 041 | 0 | |a slo | |
| 044 | |a SK | ||
| 245 | 1 | 0 | |a Rozvoj bankového sektora, bytová výstavba a financovanie bývania v Slovenskej republike |c Rudolf Sivák |
| 520 | |a Základné otázky financovania a rozvoja bytovej výstavby na Slovensku. Bankový systém a hypotekárne úvery. Situácia na trhu bývania - bytová výstavba v rokoch 2004-2006. Faktory ovplyvňujúce ceny bytov. | ||
| 610 | 2 | 0 | |a výstavba bytová |
| 610 | 2 | 0 | |a fond bytový |
| 610 | 2 | 0 | |a financovanie |
| 610 | 2 | 0 | |a banky |
| 610 | 2 | 0 | |a úver hypotekárny |
| 610 | 2 | 0 | |a úver stavebný |
| 610 | 2 | 0 | |a ceny |
| 610 | 2 | 0 | |a nehnuteľnosti |
| 610 | 2 | 0 | |a štatistika |
| 100 | 1 | |a Sivák, Rudolf, 1955- | |